Diversity and floristic composition of neotropical dry forests (Registro nro. 9379)

Detalles MARC
000 -CABECERA
Campo de control 004490000a22001570004500
090 ## - CLASIFICACIÓN LOCAL
Colección AR
Consecutivo 00279
041 0# - IDIOMA
Código de idioma para texto/pista de sonido o título separado
100 1# - ASIENTO PRINCIPAL--NOMBRE PERSONAL
Nombre personal Gentry, Alwyn H.
245 10 - MENCION DE TITULO
Título Diversity and floristic composition of neotropical dry forests
650 14 - ASIENTO SECUNDARIO DE MATERIA - TERMINO TEMATICO
Término temático o nombre geográfico como elemento de entrada Biodiversidad
650 14 - ASIENTO SECUNDARIO DE MATERIA - TERMINO TEMATICO
Término temático o nombre geográfico como elemento de entrada Flora
650 14 - ASIENTO SECUNDARIO DE MATERIA - TERMINO TEMATICO
Término temático o nombre geográfico como elemento de entrada Vegetación
650 14 - ASIENTO SECUNDARIO DE MATERIA - TERMINO TEMATICO
Término temático o nombre geográfico como elemento de entrada Bosques tropicales
773 1# - Item fuente:
Título Neotropical Floristics
Especificación de materiales 111
Paginas del Articulo 146-193
Lugar, editorial y fecha de publicación 1990?
942 ## - ELEMENTOS ADICIONALES (KOHA)
Tipo de ítem Artículo
Existencias
Withdrawn status Lost status Damaged status No para préstamo Colección Ubicación Permanente Ubicación actual Fecha de adquisición Datos de publicación Seriada Total Checkouts Número topográfico Inventario / Código de Barras Date last seen Ejemplar Price effective from Forma de adquisición Tipo de material Date checked out
      No para Préstamo Hemeroteca Bogotá Bogotá 27/02/2015 Fuera de circulación   AR 00279 010526 25/03/2015 1 25/03/2015   Artículo  
      No para Préstamo Hemeroteca Bogotá Bogotá 27/02/2015 Fuera de circulación 1 AR 00279 010527 17/09/2018 2 25/03/2015   Artículo 07/09/2018